Automarken - Statistiken

Allgemein
  • Dieses Quiz wurde 141 mal gespielt
  • Das Durchschnittsergebnis liegt bei 11 aus 15
Antwortstatistiken
Modelle Marke % Korrekt
Sintra, Calibra, Monza, Agila, Corsa, Manta, Kadett Opel
96%
Exeo, Mii, Altea, Leon, Alhambra, Marbella, Ibiza Seat
94%
Vento, Santana, Fox, Touran, Lupo, Phaeton, Scirocco Volkswagen
93%
Life, Today, Integra, Insight, Accord, Jazz, Civic Honda
92%
Superb, Praktik, Citigo, Roomster, Yeti, Fabia, Octavia Škoda
88%
Urban Cruiser, Land Cruiser, Prius, Auris, Yaris, Avensis, Corolla Toyota
84%
Puma, Fusion, Maverick, Orion, Kuga, Consul, Taunus Ford
83%
Murano, Pixo, Note, Pathfinder, Sunny, Qashqai, Micra Nissan
80%
Qubo, Freemont, Sedici, Bravo, Punto, Panta, Uno Fiat
79%
206, 207, 208, 308, 3008, 4008, 5008 Peugeot
75%
Wind, Modus, Fluence, Koleos, Espace, Clio, Laguna Renault
75%
Tredia, Carisma, Lancer, Galant, Outlander, Colt, Pajero Mitsubishi
60%
Soul, Picanto, Rio, Carens, Venga, Cee'd, Sorento Kia
59%
Trezio, Plea, Impreza, Legacy, Tribeca, Outback, Forester Subaru
51%
Aveo, Cruze, Orlando, Tahoe, Captiva, Volt, Spark Chevrolet
34%
Keine übereinstimmenden Quizze gefunden
Verteilung der Resultate
Anzahl Personen mit jedem Resultat
Perzentil nach korrekt beantworteten Fragen
Ihre Resultats-Entwicklung
Sie haben dieses Quiz noch nicht gespielt